000 00462nam a2200205Ia 4500
003 OSt
005 20230408122024.0
008 210423s2006 xx 000 0 und d
020 _a9788181281418
040 _cAL
041 _aeng
082 _a512 LANS
100 _aLANG (Serge).
_985020
245 _aAlgebra.
260 _aNew Delhi
_bSpringer Pvt Ltd
_c2006
300 _axv,914
_bPB
365 _b495
_cINR
906 _aAlgebra.
942 _2ddc
_cBK
999 _c158301
_d158301